[Event "Aragon-chT Preferente Gr I"]
[Site "Aragon"]
[Date "2023.03.18"]
[Round "8.44"]
[White "Carruez Gracia, Eduardo"]
[Black "Franco Ibanez, Carlos"]
[Result "1-0"]
[WhiteElo "1941"]
[BlackElo "1859"]
[PlyCount "69"]
[EventDate "2023.01.28"]
[EventType "team-tourn"]
[EventRounds "9"]
[EventCountry "ESP"]
[SourceTitle "EXT 2024"]
[Source "ChessBase"]
[SourceDate "2023.10.10"]
[SourceVersion "1"]
[SourceVersionDate "2023.10.10"]
[SourceQuality "1"]
[WhiteTeam "Agrupacion II"]
[BlackTeam "Shatranj"]
[WhiteTeamCountry "ESP"]
[BlackTeamCountry "ESP"]

1. e4 e5 2. Nf3 Nc6 3. Bc4 Bc5 4. d3 d6 5. 0-0 Nf6 6. Bg5 h6 7. Bh4 Na5 8. Nbd2 Nxc4 9. Nxc4 Be6 10. Ne3 g5 11. Bg3 h5 12. h4 g4 13. Ng5 Nh7 14. Nxh7 Rxh7 15. c3 Bb6 16. a4 a5 17. d4 f6 18. Kh1 Qe7 19. Qd3 0-0-0 20. d5 Bd7 21. Nc4 f5 22. exf5 Rf7 23. Nxb6+ cxb6 24. Qe3 Kc7 25. b4 Bxf5 26. c4 axb4 27. a5 bxa5 28. c5 Rc8 29. cxd6+ Kxd6 30. Qb6+ Kd7 31. d6 Qd8 32. Qb5+ Ke6 33. Qxe5+ Kd7 34. Qb5+ Ke6 35. d7 1-0

[Event "Aragon-chT Preferente Gr I"]
[Site "Aragon"]
[Date "2023.03.11"]
[Round "7.41"]
[White "Franco Ibanez, Carlos"]
[Black "Chueca Lorente, Javier"]
[Result "0-1"]
[WhiteElo "1859"]
[BlackElo "2149"]
[PlyCount "54"]
[EventDate "2023.01.28"]
[EventType "team-tourn"]
[EventRounds "9"]
[EventCountry "ESP"]
[SourceTitle "EXT 2024"]
[Source "ChessBase"]
[SourceDate "2023.10.10"]
[SourceVersion "1"]
[SourceVersionDate "2023.10.10"]
[SourceQuality "1"]
[WhiteTeam "Shatranj"]
[BlackTeam "Casablanca MyInvestor II"]
[WhiteTeamCountry "ESP"]
[BlackTeamCountry "ESP"]

1. d4 d5 2. c4 e6 3. Nc3 c6 4. e3 Nf6 5. Nf3 Bd6 6. Bd3 0-0 7. 0-0 dxc4 8. Bxc4 b5 9. Bd3 Nbd7 10. Qe2 Bb7 11. Bd2 a6 12. Rac1 c5 13. Rfd1 Rc8 14. h3 e5 15. dxe5 Nxe5 16. Nxe5 Bxe5 17. Bf5 Rc6 18. Be1 Qe7 19. Ne4 g6 20. Nxf6+ Bxf6 21. Bg4 Rc7 22. Bc3 Bxc3 23. Rxc3 c4 24. b3 cxb3 25. Rxc7 Qxc7 26. axb3 Rd8 27. b4 a5 0-1

[Event "Aragon-chT Preferente Gr I"]
[Site "Aragon"]
[Date "2023.03.04"]
[Round "6.40"]
[White "Carraminana Lopez, Luis Antonio"]
[Black "Franco Ibanez, Carlos"]
[Result "1-0"]
[WhiteElo "1901"]
[BlackElo "1859"]
[PlyCount "61"]
[EventDate "2023.01.28"]
[EventType "team-tourn"]
[EventRounds "9"]
[EventCountry "ESP"]
[SourceTitle "EXT 2024"]
[Source "ChessBase"]
[SourceDate "2023.10.10"]
[SourceVersion "1"]
[SourceVersionDate "2023.10.10"]
[SourceQuality "1"]
[WhiteTeam "Helios II"]
[BlackTeam "Shatranj"]
[WhiteTeamCountry "ESP"]
[BlackTeamCountry "ESP"]

1. e4 e5 2. Nf3 Nc6 3. Bc4 Bc5 4. c3 Nf6 5. d3 d6 6. 0-0 0-0 7. h3 Qe7 8. Re1 Bb6 9. d4 h6 10. Bb3 Bd7 11. Be3 Rfe8 12. Nbd2 Qf8 13. Nh4 Kh7 14. Nf1 g6 15. Qf3 Qg7 16. d5 Ne7 17. g4 g5 18. Nf5 Bxf5 19. exf5 Rad8 20. Ng3 Bxe3 21. Rxe3 Rh8 22. Kg2 Kg8 23. c4 b6 24. Bd1 a5 25. a3 Ra8 26. b3 Kh7 27. Bc2 Rhe8 28. Ree1 Neg8 29. Rh1 Ne7 30. Rh2 Rh8 31. Nh5 1-0

[Event "Aragon-chT Preferente Gr-I"]
[Site "Aragon"]
[Date "2019.02.02"]
[Round "2.50"]
[White "Franco Ibanez, Carlos"]
[Black "Miranda Herrera, Jorge Manuel"]
[Result "1-0"]
[WhiteElo "1978"]
[BlackElo "1950"]
[PlyCount "49"]
[EventDate "2019.01.26"]
[EventType "team-tourn"]
[EventRounds "9"]
[EventCountry "ESP"]
[SourceTitle "EXT 2020"]
[Source "ChessBase"]
[SourceDate "2019.10.17"]
[SourceVersion "1"]
[SourceVersionDate "2019.10.17"]
[SourceQuality "1"]
[WhiteTeam "Shatranj"]
[BlackTeam "Monsalud Soluzion"]
[WhiteTeamCountry "ESP"]
[BlackTeamCountry "ESP"]

1. d4 d5 2. c4 c6 3. Nf3 Nf6 4. Nc3 g6 5. e3 Bg7 6. b4 0-0 7. a4 Ne4 8. Bb2 Bg4 9. Qb3 Bxf3 10. gxf3 Ng5 11. Be2 dxc4 12. Qxc4 Nd7 13. h4 Ne6 14. h5 Nb6 15. Qb3 Nd5 16. hxg6 hxg6 17. Bc4 Nec7 18. Ne4 b5 19. Bd3 e5 20. dxe5 Nxb4 21. Qxb4 Qxd3 22. Nf6+ Bxf6 23. exf6 Rfe8 24. Qf4 Ne6 25. Qh6 1-0

[Event "Aragon-ch Seniors-A"]
[Site "Zaragoza"]
[Date "2017.06.03"]
[Round "7"]
[White "Gines Abad, Pedro"]
[Black "Franco Ibanez, Carlos"]
[Result "1-0"]
[WhiteElo "1972"]
[BlackElo "2028"]
[PlyCount "53"]
[EventDate "2017.04.22"]
[EventType "swiss"]
[EventRounds "8"]
[EventCountry "ESP"]
[SourceTitle "EXT 2019"]
[Source "ChessBase"]
[SourceDate "2018.10.10"]
[SourceVersion "1"]
[SourceVersionDate "2018.10.10"]
[SourceQuality "1"]

1. Nf3 g6 2. c4 Bg7 3. e4 c5 4. d4 Nc6 5. d5 Nd4 6. Nc3 d6 7. h3 Nxf3+ 8. Qxf3 Nf6 9. Bd3 0-0 10. 0-0 Nd7 11. Qe2 e6 12. Be3 Ne5 13. Bc2 exd5 14. Nxd5 Be6 15. Rad1 Nc6 16. Ba4 Nd4 17. Qd2 Bxd5 18. exd5 a6 19. b4 b6 20. Rfe1 Rb8 21. bxc5 bxc5 22. Rb1 Qc7 23. Bg5 f6 24. Be3 f5 25. Bg5 Bf6 26. Rxb8 Qxb8 27. Bxf6 1-0